000 00672nam a2200193Ia 4500
003 GCL
008 140319s9999 xx 000 0 ara d
040 _aGCL /
_cGCL
082 0 4 _a956.9
_bب ح
100 1 _aالهيئة العامة للاستعلامات
245 1 0 _aالحرب والسلام فى غرب اسيا /
_cالهيئة العامة للاستعلامات
700 1 _aبرندرانات، ديوان
300 _a228 ص
490 _aكتب مترجمة
_v0
650 0 4 _aالنزاع العربى الاسرائيلى
650 0 4 _aالحروب العربية الاسرائيلية
650 0 4 _aالقومية العربية
942 _2ddc
_cBK
999 _c47146
_d47146